[Event "British Chess Championships 2023: Major Open"]
[Site "The Venue, De Montfort University, 20 Western Boulevard, Leicester, LE2 7BU"]
[Date "2023.07.22"]
[Round "1"]
[Board "9"]
[White "Pilley, Jack"]
[Black "Atako, Chino C"]
[Result "0-1"]
[WhiteElo "1785"]
[BlackElo "2009"]
[PlyCount "70"]
[EventDate "2023.07.22"]
[EventRounds "9"]
[EventCountry "ENG"]

1. e4 d6 2. d4 g6 3. Nc3 c6 4. f4 d5 5. e5 h5 6. Nf3 Nh6 7. Be3 Bg4 8. h3 Bxf3
9. Qxf3 Nf5 10. Bd3 e6 11. O-O-O h4 12. Bxf5 gxf5 13. Ne2 Qa5 14. Kb1 Nd7 15.
g3 hxg3 16. h4 O-O-O 17. h5 Bh6 18. Rdg1 Kb8 19. Rxg3 Rc8 20. Nc1 Qb5 21. Nd3
b6 22. Bf2 c5 23. c3 cxd4 24. cxd4 Ka8 25. Qd1 Nb8 26. Be3 Nc6 27. a4 Qc4 28.
b3 Qc3 29. Nc1 Nb4 30. Rh2 Rhg8 31. Rxg8 Rxg8 32. Bd2 Qxd4 33. Ne2 Qd3+ 34. Kb2
Rc8 35. Nc3 Rxc3  0-1

[Event "British Chess Championships 2023: Major Open"]
[Site "The Venue, De Montfort University, 20 Western Boulevard, Leicester, LE2 7BU"]
[Date "2023.07.22"]
[Round "1"]
[Board "10"]
[White "Verma, Shlok"]
[Black "Kothari, Jai"]
[Result "1-0"]
[WhiteElo "2000"]
[BlackElo "1782"]
[PlyCount "41"]
[EventDate "2023.07.22"]
[EventRounds "9"]
[EventCountry "ENG"]

1. d4 Nf6 2. c4 e6 3. Nf3 c5 4. d5 b5 5. dxe6 fxe6 6. cxb5 d5 7. Nc3 Bb7 8. e4
d4 9. e5 Ng4 10. Nb1 Qc7 11. Bf4 Nd7 12. Nbd2 Ngxe5 13. Nxe5 Nxe5 14. Qh5+ Qf7
15. Qxe5 Rd8 16. Qc7 Rd7 17. Qb8+ Rd8 18. Qxa7 Qxf4 19. Qxb7 Rd5 20. O-O-O d3
21. Re1  1-0

[Event "British Chess Championships 2023: Major Open"]
[Site "The Venue, De Montfort University, 20 Western Boulevard, Leicester, LE2 7BU"]
[Date "2023.07.22"]
[Round "1"]
[Board "11"]
[White "Rubeck, Jonathan"]
[Black "Salmons, Calum"]
[Result "1-0"]
[WhiteElo "1760"]
[BlackElo "1977"]
[PlyCount "49"]
[EventDate "2023.07.22"]
[EventRounds "9"]
[EventCountry "ENG"]

1. e4 c6 2. d4 d5 3. e5 Bf5 4. h4 h5 5. c4 e6 6. Nc3 Nd7 7. Bg5 Qb6 8. Qd2 Be7
9. Nf3 Bxg5 10. hxg5 Ne7 11. cxd5 Nxd5 12. Nxd5 exd5 13. Nh4 Be4 14. Rh3 O-O-O
15. Rb3 Qc7 16. f3 Bh7 17. Rc1 f6 18. g6 Bg8 19. Nf5 Nxe5 20. Qb4 Nxg6 21. Qa4
a5 22. Ba6 Re8+ 23. Kf1 Re6 24. Rxb7 Qxb7 25. Rxc6+  1-0

[Event "British Chess Championships 2023: Major Open"]
[Site "The Venue, De Montfort University, 20 Western Boulevard, Leicester, LE2 7BU"]
[Date "2023.07.22"]
[Round "1"]
[Board "12"]
[White "Sugden, John N"]
[Black "Sheikh, Anum"]
[Result "1-0"]
[WhiteElo "1977"]
[BlackElo "1744"]
[PlyCount "79"]
[EventDate "2023.07.22"]
[EventRounds "9"]
[EventCountry "ENG"]

1. e4 e5 2. Nf3 Nf6 3. d4 Nxe4 4. dxe5 d5 5. Nbd2 Nc5 6. Nb3 Ne6 7. c4 Bb4+ 8.
Bd2 Bxd2+ 9. Qxd2 dxc4 10. Qxd8+ Nxd8 11. Bxc4 O-O 12. O-O Be6 13. Nfd2 Nbc6
14. f4 Bxc4 15. Nxc4 b5 16. Ne3 a5 17. a3 Re8 18. Nd5 Ra7 19. Rfd1 Nb8 20. Kf2
Kf8 21. Rac1 c6 22. Ne3 Ne6 23. g3 a4 24. Nd4 Rd7 25. Nxe6+ Rxe6 26. Nf5 g6 27.
Rxd7 Nxd7 28. Nd4 Re8 29. Rxc6 Rb8 30. Rc7 Ke8 31. Nc6 Ra8 32. Rb7 Rc8 33. Nd4
Rc5 34. Rxb5 Rxb5 35. Nxb5 Nb6 36. Nc3 Kd7 37. Ke2 Kc6 38. Kd3 Kc5 39. Ne4+ Kc6
40. Ng5  1-0

[Event "British Chess Championships 2023: Major Open"]
[Site "The Venue, De Montfort University, 20 Western Boulevard, Leicester, LE2 7BU"]
[Date "2023.07.22"]
[Round "1"]
[Board "13"]
[White "Mize, Dylan"]
[Black "Badacsonyi, Stanley"]
[Result "1/2-1/2"]
[WhiteElo "1744"]
[BlackElo "1976"]
[PlyCount "54"]
[EventDate "2023.07.22"]
[EventRounds "9"]
[EventCountry "ENG"]

1. d4 Nf6 2. Nf3 g6 3. c4 Bg7 4. Nc3 O-O 5. Bg5 h6 6. Bh4 c5 7. d5 d6 8. e4 g5
9. Bg3 Nh5 10. Nd2 Nxg3 11. hxg3 f5 12. Bd3 fxe4 13. Ndxe4 Bf5 14. Qc2 e6 15.
O-O-O exd5 16. cxd5 Na6 17. a3 Rc8 18. g4 Bxg4 19. f3 Bf5 20. Ng3 Bxd3 21. Rxd3
Qe7 22. Rd2 Qe5 23. Nh5 Qf5 24. Nxg7 Qxc2+ 25. Kxc2 Kxg7 26. Nb5 Rcd8 27. Re2
Rd7  1/2-1/2

[Event "British Chess Championships 2023: Major Open"]
[Site "The Venue, De Montfort University, 20 Western Boulevard, Leicester, LE2 7BU"]
[Date "2023.07.22"]
[Round "1"]
[Board "14"]
[White "Pal, Rohan"]
[Black "Davis, Timothy J"]
[Result "1/2-1/2"]
[WhiteElo "1966"]
[BlackElo "1737"]
[PlyCount "77"]
[EventDate "2023.07.22"]
[EventRounds "9"]
[EventCountry "ENG"]

1. e4 e5 2. Nf3 Nc6 3. Bc4 Bc5 4. c3 Nf6 5. d3 a6 6. a4 d6 7. Bg5 Ba7 8. Nbd2
h6 9. Bh4 O-O 10. O-O Qe7 11. b4 Be6 12. Bxe6 Qxe6 13. Qb3 Qxb3 14. Nxb3 g5 15.
Bg3 Nd8 16. Rfe1 Re8 17. d4 exd4 18. e5 dxe5 19. Bxe5 Nd5 20. Nfxd4 f6 21. Bg3
Nf7 22. Ne6 Rac8 23. Nbc5 Bxc5 24. Nxc5 Nxc3 25. Nxb7 Ne2+ 26. Kf1 Nxg3+ 27.
hxg3 Rxe1+ 28. Kxe1 Rb8 29. Nc5 Rxb4 30. Nxa6 Rb7 31. Nc5 Ra7 32. a5 Kf8 33. a6
Ke7 34. Rb1 Kd6 35. Rb7 Ra8 36. Ne4+ Ke5 37. Rxc7 Kxe4 38. Rxf7 Rxa6 39. Re7+
 1/2-1/2

[Event "British Chess Championships 2023: Major Open"]
[Site "The Venue, De Montfort University, 20 Western Boulevard, Leicester, LE2 7BU"]
[Date "2023.07.22"]
[Round "1"]
[Board "15"]
[White "Honey, Luke"]
[Black "Brown, Tom"]
[Result "1/2-1/2"]
[WhiteElo "1730"]
[BlackElo "1959"]
[PlyCount "102"]
[EventDate "2023.07.22"]
[EventRounds "9"]
[EventCountry "ENG"]

1. e4 c6 2. d4 d5 3. exd5 cxd5 4. c4 Nf6 5. Nc3 e6 6. c5 Be7 7. Nf3 O-O 8. Bd3
b6 9. b4 a5 10. Na4 Nbd7 11. a3 axb4 12. axb4 bxc5 13. bxc5 Qc7 14. Bb2 Bb7 15.
O-O Ne4 16. Qc2 Rfb8 17. Rfc1 Bc6 18. Nb6 Rxa1 19. Bxa1 g6 20. Bxe4 dxe4 21.
Nd2 Nf6 22. Ndc4 Ng4 23. g3 Bg5 24. Re1 h5 25. h3 Nf6 26. d5 Nxd5 27. Be5 Qd8
28. Bxb8 Qxb8 29. Na5 Ba8 30. Nxa8 Qxa8 31. Nc4 e3 32. Nxe3 Nxe3 33. fxe3 Qf3
34. Qf2 Qe4 35. Kh2 h4 36. g4 Qe5+ 37. Kg2 Qxc5 38. Rf1 Qd5+ 39. Qf3 Qd2+ 40.
Rf2 Qd7 41. Rb2 e5 42. Qe4 Qe6 43. Rc2 Kg7 44. Kf2 Qf6+ 45. Ke2 Qa6+ 46. Qd3
Qb7 47. e4 Bf4 48. Ra2 Qb6 49. Kd1 Qg1+ 50. Kc2 Qc5+ 51. Kb3 Qb6+  1/2-1/2

[Event "British Chess Championships 2023: Major Open"]
[Site "The Venue, De Montfort University, 20 Western Boulevard, Leicester, LE2 7BU"]
[Date "2023.07.22"]
[Round "1"]
[Board "16"]
[White "Sanger, Jake M"]
[Black "Burton, Sean"]
[Result "1-0"]
[WhiteElo "1933"]
[BlackElo "1715"]
[PlyCount "55"]
[EventDate "2023.07.22"]
[EventRounds "9"]
[EventCountry "ENG"]

1. d4 f5 2. c4 e6 3. Nf3 Nf6 4. g3 Be7 5. Bg2 O-O 6. O-O d6 7. Nc3 a5 8. Qc2
Nc6 9. e4 Nb4 10. Qe2 fxe4 11. Nxe4 Nxe4 12. Qxe4 e5 13. g4 Qd7 14. h3 exd4 15.
a3 Nc6 16. Nxd4 Nxd4 17. Qxd4 Bf6 18. Qd5+ Kh8 19. g5 Bd8 20. f4 c6 21. Qd4 Qf5
22. Be3 Bc7 23. Qc3 Be6 24. Rae1 Rae8 25. Bd4 Rf7 26. Be4 Qxh3 27. Qxh3 Bxh3
28. Bf5  1-0

[Event "British Chess Championships 2023: Major Open"]
[Site "The Venue, De Montfort University, 20 Western Boulevard, Leicester, LE2 7BU"]
[Date "2023.07.22"]
[Round "1"]
[Board "17"]
[White "Graham, Danny"]
[Black "Dicen, Elis Denele"]
[Result "0-1"]
[WhiteElo "1715"]
[BlackElo "1925"]
[PlyCount "96"]
[EventDate "2023.07.22"]
[EventRounds "9"]
[EventCountry "ENG"]

1. d4 d5 2. c4 e6 3. Nc3 Nf6 4. Bg5 a6 5. cxd5 exd5 6. e3 c6 7. Bd3 Nbd7 8.
Nge2 Be7 9. O-O h6 10. Bh4 Nh5 11. Bxe7 Qxe7 12. Qd2 O-O 13. Rae1 Nhf6 14. f3
c5 15. dxc5 Nxc5 16. Nf4 Be6 17. Nxe6 Nxe6 18. Bc2 Rfd8 19. Bb3 Qc5 20. Ne2 a5
21. a3 Qb6 22. Ba2 a4 23. Nd4 Nxd4 24. Qxd4 Qxd4 25. exd4 b5 26. Re7 Rab8 27.
Ra7 Rdc8 28. Rf2 Rc1+ 29. Rf1 Rbc8 30. Re7 R8c2 31. Rxc1 Rxc1+ 32. Kf2 Ra1 33.
Bxd5 Nxd5 34. Rb7 Rd1 35. Rxb5 Rxd4 36. Rb8+ Kh7 37. Rd8 Rd3 38. g3 Kg6 39. Rb8
Rd2+ 40. Kg1 Ne3 41. Rb6+ f6 42. Rb4 Nd1 43. Rxa4 Nxb2 44. Rb4 Nd3 45. Rd4 Rd1+
46. Kg2 Ne1+ 47. Kf2 Rxd4 48. Kxe1 Ra4  0-1

[Event "British Chess Championships 2023: Major Open"]
[Site "The Venue, De Montfort University, 20 Western Boulevard, Leicester, LE2 7BU"]
[Date "2023.07.22"]
[Round "1"]
[Board "18"]
[White "Rathbone-Jones, Ifan"]
[Black "Wilkinson, Daniel"]
[Result "1-0"]
[WhiteElo "1925"]
[BlackElo "1712"]
[PlyCount "111"]
[EventDate "2023.07.22"]
[EventRounds "9"]
[EventCountry "ENG"]

1. d4 Nf6 2. Nf3 c5 3. c3 g6 4. Bf4 Qb6 5. Qc2 cxd4 6. Bxb8 Rxb8 7. cxd4 d5 8.
Nc3 Bf5 9. Qa4+ Bd7 10. Qb3 Qxb3 11. axb3 a6 12. Ne5 Bf5 13. f3 Bh6 14. Kf2 Bc2
15. b4 Bd2 16. e3 Rc8 17. b5 Bxc3 18. bxa6 bxa6 19. bxc3 Rxc3 20. Bxa6 O-O 21.
Rhc1 Ra8 22. Ke2 Rc7 23. g4 h6 24. Ra3 Rb8 25. Ra2 Rb6 26. Kd2 Bb3 27. Rxc7
Bxa2 28. Bd3 Kf8 29. Rc8+ Kg7 30. Rc7 Kf8 31. h4 Rb2+ 32. Rc2 Rxc2+ 33. Kxc2
Kg7 34. Kb2 Bc4 35. Nxc4 dxc4 36. Bxc4 Ne8 37. Kc3 Kf6 38. Kb4 e6 39. Kc5 Ke7
40. Kc6 Nd6 41. Bd3 Ne8 42. e4 Nd6 43. e5 Ne8 44. Bc2 Ng7 45. Kc7 Ne8+ 46. Kc8
Ng7 47. Ba4 h5 48. Kc7 hxg4 49. fxg4 f5 50. exf6+ Kxf6 51. Kd6 Kf7 52. Ke5 Ke7
53. Kf4 Kf6 54. Bb5 Kf7 55. Kg5 e5 56. Bc4+  1-0

[Event "British Chess Championships 2023: Major Open"]
[Site "The Venue, De Montfort University, 20 Western Boulevard, Leicester, LE2 7BU"]
[Date "2023.07.22"]
[Round "1"]
[Board "19"]
[White "Isik, Muhammed Oguz"]
[Black "Green, Michael"]
[Result "1-0"]
[WhiteElo "1701"]
[BlackElo "1923"]
[PlyCount "71"]
[EventDate "2023.07.22"]
[EventRounds "9"]
[EventCountry "ENG"]

1. e4 g6 2. d4 Bg7 3. Nc3 c6 4. Be3 d5 5. f3 dxe4 6. fxe4 Qb6 7. Na4 Qa5+ 8. c3
e5 9. b4 Qc7 10. Nf3 Nd7 11. Bd3 Ngf6 12. O-O O-O 13. Bg5 exd4 14. cxd4 Ng4 15.
g3 b5 16. Nc5 Nxc5 17. bxc5 Be6 18. Bf4 Qd7 19. e5 Rfd8 20. Qe2 Bh6 21. Bxh6
Nxh6 22. Rad1 Nf5 23. Bxf5 Bxf5 24. Qe3 Kg7 25. Ng5 Rf8 26. Ne4 Bxe4 27. Qxe4
Rae8 28. d5 cxd5 29. Rxd5 Qc6 30. Qd4 Re6 31. Rd6 Qc8 32. Rf6 Rfe8 33. Rfxe6
Rxe6 34. c6 Re8 35. e6+ Kf8 36. Rd7  1-0

[Event "British Chess Championships 2023: Major Open"]
[Site "The Venue, De Montfort University, 20 Western Boulevard, Leicester, LE2 7BU"]
[Date "2023.07.22"]
[Round "1"]
[Board "20"]
[White "Young, Daniel J"]
[Black "Lee, Alexandre Km"]
[Result "0-1"]
[WhiteElo "1913"]
[BlackElo "1693"]
[PlyCount "102"]
[EventDate "2023.07.22"]
[EventRounds "9"]
[EventCountry "ENG"]

1. e4 e6 2. d4 d5 3. Nc3 Bb4 4. e5 c5 5. a3 Ba5 6. b4 cxd4 7. Qg4 Ne7 8. bxa5
dxc3 9. Qxg7 Rg8 10. Qxh7 Nbc6 11. Nf3 Qc7 12. Bf4 Bd7 13. a6 O-O-O 14. axb7+
Kb8 15. Qd3 d4 16. Be2 Nf5 17. O-O Nce7 18. Bg3 Bc6 19. Rab1 Ng6 20. Rb4 Nxg3
21. fxg3 Bxf3 22. Qxf3 Nxe5 23. Qf4 Rd5 24. Kh1 Rgd8 25. Rd1 d3 26. Bxd3 Nxd3
27. Qxc7+ Kxc7 28. cxd3 Rc5 29. h4 Kb8 30. d4 e5 31. d5 c2 32. Rc1 Rdxd5 33.
Rxc2 Rxc2 34. h5 Rc6 35. Rh4 Rd4 36. g4 Rh6 37. Kh2 f5 38. Kg3 fxg4 39. Rxg4
Rxg4+ 40. Kxg4 e4 41. Kf4 Rxh5 42. Kxe4 Kxb7 43. g4 Rh1 44. g5 Rg1 45. Kf5 Kc6
46. Kf6 Kb5 47. g6 Ka4 48. g7 Kxa3 49. Kf7 Kb3 50. g8=Q Rxg8 51. Kxg8 a5  0-1

[Event "British Chess Championships 2023: Major Open"]
[Site "The Venue, De Montfort University, 20 Western Boulevard, Leicester, LE2 7BU"]
[Date "2023.07.22"]
[Round "1"]
[Board "21"]
[White "Sinclair, Colin"]
[Black "Rice, Chris B"]
[Result "0-1"]
[WhiteElo "1652"]
[BlackElo "1892"]
[PlyCount "132"]
[EventDate "2023.07.22"]
[EventRounds "9"]
[EventCountry "ENG"]

1. b3 Nf6 2. Bb2 e6 3. Nf3 d5 4. e3 Be7 5. Bb5+ c6 6. Be2 Nbd7 7. O-O O-O 8. d3
a5 9. Nbd2 a4 10. bxa4 Nc5 11. Rb1 Rxa4 12. d4 Nce4 13. Nxe4 Nxe4 14. c4 Rxa2
15. Qb3 Ra8 16. c5 f5 17. Bd3 Bf6 18. Bxe4 fxe4 19. Ne5 Bxe5 20. dxe5 Qg5 21.
Bd4 h5 22. Qd1 Qg6 23. Qe2 Rf5 24. Rb6 Ra7 25. h4 Rf8 26. Kh2 Bd7 27. Rfb1 Bc8
28. Rg1 Qf7 29. Rf1 Qf5 30. f4 Ra4 31. g3 Rf7 32. Rf2 Rc7 33. Rg2 Bd7 34. g4
hxg4 35. Qxg4 Qxg4 36. Rxg4 Kh7 37. Rb2 Be8 38. Rg5 Bg6 39. h5 Bf5 40. Kg3 Kh6
41. Kh4 Ra1 42. Rh2 Rf1 43. Kg3 Rc8 44. Kg2 Rc1 45. Kg3 Ra8 46. Kh4 Rf1 47.
Rgg2 Rf3 48. Rh1 Ra5 49. Rc2 Rb5 50. Rcc1 Rb3 51. Rc2 Rb1 52. Rch2 Rb4 53. Rc1
Rb5 54. Rch1 b6 55. cxb6 c5 56. Rb2 Rxb2 57. Bxb2 Rxe3 58. b7 Rb3 59. Ba3 Rxb7
60. Bxc5 Rb3 61. Be7 d4 62. Bf8 Rf3 63. Bb4 e3 64. Be1 d3 65. Bg3 d2 66. Rd1
Bc2  0-1

[Event "British Chess Championships 2023: Major Open"]
[Site "The Venue, De Montfort University, 20 Western Boulevard, Leicester, LE2 7BU"]
[Date "2023.07.22"]
[Round "1"]
[Board "22"]
[White "Pink, Joshua"]
[Black "Lishoy Gengis Paratazham, Dildarav"]
[Result "0-1"]
[WhiteElo "1890"]
[BlackElo "1618"]
[PlyCount "74"]
[EventDate "2023.07.22"]
[EventRounds "9"]
[EventCountry "ENG"]

1. f4 d5 2. Nf3 Nf6 3. e3 c5 4. Be2 g6 5. O-O Bg7 6. d3 O-O 7. Nc3 d4 8. Ne4
Nxe4 9. dxe4 Nc6 10. e5 Bf5 11. Nh4 Be4 12. Bf3 Bxf3 13. Nxf3 Qb6 14. exd4 cxd4
15. Kh1 Rad8 16. Ne1 Nb4 17. Nd3 e6 18. Nxb4 Qxb4 19. Qd2 Qc4 20. Rd1 Bh6 21.
b3 Qd5 22. Ba3 Rfe8 23. Bd6 Rc8 24. Re1 Bf8 25. Bxf8 Rxf8 26. Rad1 Rfd8 27. Qd3
Qc5 28. Rd2 Qa5 29. a4 Rc3 30. Qe2 Re3 31. Qd1 Rxe1+ 32. Qxe1 Qc3 33. Re2 Qxe1+
34. Rxe1 Rc8 35. Re2 d3 36. Re1 dxc2 37. Rc1 Rd8  0-1

[Event "British Chess Championships 2023: Major Open"]
[Site "The Venue, De Montfort University, 20 Western Boulevard, Leicester, LE2 7BU"]
[Date "2023.07.22"]
[Round "1"]
[Board "23"]
[White "Laronde-Bennett, Sebastian"]
[Black "Gopakumar, Siddharth"]
[Result "0-1"]
[WhiteElo "1613"]
[BlackElo "1888"]
[PlyCount "62"]
[EventDate "2023.07.22"]
[EventRounds "9"]
[EventCountry "ENG"]

1. d4 d5 2. Bf4 Nf6 3. Nf3 c5 4. e3 Nc6 5. Bd3 Qb6 6. Qc1 cxd4 7. exd4 Nxd4 8.
Be3 Nxf3+ 9. gxf3 d4 10. Bf4 Nh5 11. Bg3 Nxg3 12. fxg3 e6 13. O-O Bd7 14. Nd2
Bc6 15. Nc4 Qc7 16. c3 Bc5 17. Qg5 Qe7 18. Qxe7+ Kxe7 19. b4 Bb6 20. Nxb6 axb6
21. cxd4 Rhd8 22. b5 Rxd4 23. bxc6 Rxd3 24. c7 Rd6 25. f4 Rc8 26. Rfe1 Rxc7 27.
f5 Rc5 28. g4 h5 29. h3 hxg4 30. hxg4 Rc4 31. a4 Rxg4+  0-1

[Event "British Chess Championships 2023: Major Open"]
[Site "The Venue, De Montfort University, 20 Western Boulevard, Leicester, LE2 7BU"]
[Date "2023.07.22"]
[Round "1"]
[Board "24"]
[White "Mikalajunas, Kajus"]
[Black "Twisk, Sebastian"]
[Result "1-0"]
[WhiteElo "1881"]
[BlackElo "1599"]
[PlyCount "53"]
[EventDate "2023.07.22"]
[EventRounds "9"]
[EventCountry "ENG"]

1. e4 c6 2. Nc3 d5 3. Nf3 Bg4 4. Be2 e6 5. O-O Nf6 6. Ne5 Bxe2 7. Qxe2 d4 8.
Nb1 Bd6 9. Nxf7 Kxf7 10. e5 Bxe5 11. Qxe5 Qd5 12. Qe2 c5 13. d3 Nc6 14. Nd2 h5
15. Nf3 e5 16. Ng5+ Kg8 17. Ne4 Rf8 18. Bg5 Nxe4 19. dxe4 Qe6 20. h4 Ne7 21. f4
exf4 22. Bxf4 g6 23. Qd2 Kg7 24. Bh6+ Rxh6 25. Rxf8 Qxe4 26. Re1 Qxh4 27. Rf4
 1-0

[Event "British Chess Championships 2023: Major Open"]
[Site "The Venue, De Montfort University, 20 Western Boulevard, Leicester, LE2 7BU"]
[Date "2023.07.22"]
[Round "1"]
[Board "25"]
[White "Pattni, Kishan"]
[Black "Foster, Timothy"]
[Result "1-0"]
[WhiteElo "1593"]
[BlackElo "1874"]
[PlyCount "49"]
[EventDate "2023.07.22"]
[EventRounds "9"]
[EventCountry "ENG"]

1. f4 Nf6 2. b3 g6 3. Bb2 Bg7 4. Nf3 O-O 5. e3 c5 6. a4 d6 7. h3 Nc6 8. Be2 e5
9. fxe5 Nd7 10. O-O Ndxe5 11. Nc3 Nxf3+ 12. Bxf3 Ne5 13. Bd5 Qe7 14. a5 Rb8 15.
Ra4 Kh8 16. Raf4 g5 17. R4f2 g4 18. Rf4 gxh3 19. Qh5 hxg2 20. R1f2 Be6 21. Rh4
h6 22. Rxg2 Qxh4 23. Qxh4 Bxd5 24. Nxd5 Ng6 25. Qxh6+  1-0

[Event "British Chess Championships 2023: Major Open"]
[Site "The Venue, De Montfort University, 20 Western Boulevard, Leicester, LE2 7BU"]
[Date "2023.07.22"]
[Round "1"]
[Board "26"]
[White "Raju, Sooraj Menothuparambil"]
[Black "Berkley, Stephen W"]
[Result "1-0"]
[WhiteElo "1861"]
[BlackElo "1587"]
[PlyCount "31"]
[EventDate "2023.07.22"]
[EventRounds "9"]
[EventCountry "ENG"]

1. e4 e6 2. d4 d5 3. Bd3 dxe4 4. Bxe4 Nf6 5. Bf3 Nbd7 6. Ne2 Bd6 7. Nbc3 c6 8.
O-O O-O 9. Re1 e5 10. Ng3 exd4 11. Qxd4 Ne5 12. Rxe5 Bxe5 13. Qxe5 Re8 14. Qg5
Qb6 15. Nce4 Nxe4 16. Nxe4  1-0

[Event "British Chess Championships 2023: Major Open"]
[Site "The Venue, De Montfort University, 20 Western Boulevard, Leicester, LE2 7BU"]
[Date "2023.07.22"]
[Round "1"]
[Board "27"]
[White "Bennett, Max"]
[Black "Larkin, Benjamin"]
[Result "1-0"]
[WhiteElo "1583"]
[BlackElo "1850"]
[PlyCount "81"]
[EventDate "2023.07.22"]
[EventRounds "9"]
[EventCountry "ENG"]

1. e4 c6 2. d4 d5 3. Nc3 dxe4 4. Nxe4 Nf6 5. Nxf6+ exf6 6. c3 Bd6 7. Bd3 O-O 8.
Qc2 Re8+ 9. Ne2 h5 10. Be3 Nd7 11. O-O-O Nf8 12. h3 Be6 13. Kb1 b5 14. Nf4 Bxf4
15. Bxf4 Qd5 16. b3 a5 17. c4 Qd7 18. cxb5 a4 19. bxa4 cxb5 20. Bxb5 Qb7 21.
Qc6 Qa7 22. Qc7 Qxc7 23. Bxc7 Rec8 24. Rc1 Bf5+ 25. Ka1 Ne6 26. Bb6 Nf4 27. a5
Nd3 28. Bxd3 Bxd3 29. Kb2 Re8 30. Rhe1 Rac8 31. Rxc8 Rxc8 32. Rd1 Be4 33. f3
Bd5 34. a3 g6 35. Rd2 f5 36. Re2 Be6 37. a4 Kg7 38. Re5 Kf6 39. a6 Rc6 40. a5
Bc8 41. a7  1-0

[Event "British Chess Championships 2023: Major Open"]
[Site "The Venue, De Montfort University, 20 Western Boulevard, Leicester, LE2 7BU"]
[Date "2023.07.22"]
[Round "1"]
[Board "28"]
[White "Babu, Rahul"]
[Black "Pang, Ethan"]
[Result "0-1"]
[WhiteElo "1846"]
[BlackElo "1553"]
[PlyCount "78"]
[EventDate "2023.07.22"]
[EventRounds "9"]
[EventCountry "ENG"]

1. e4 c5 2. Nc3 Nc6 3. Bb5 g6 4. Bxc6 dxc6 5. d3 Bg7 6. f4 e6 7. Nf3 f5 8. O-O
Ne7 9. Qe1 O-O 10. Kh1 Bd7 11. h3 Qc7 12. Qh4 Rae8 13. Be3 b6 14. g4 fxe4 15.
dxe4 c4 16. Ng5 h6 17. f5 exf5 18. gxf5 Nxf5 19. exf5 Rxe3 20. Qxc4+ Kh8 21.
Nf3 Rxf5 22. Kg2 Rf4 23. Qa6 Bxh3+ 24. Kh1 Bxf1 25. Rxf1 Rfxf3 26. Rxf3 Rxf3
27. Ne4 Rh3+ 28. Kg2 Qh2+ 29. Kf1 Rf3+ 30. Ke1 Qg1+ 31. Kd2 Qe3+ 32. Kd1 Qxe4
33. a4 Qd4+ 34. Ke1 Re3+ 35. Kf1 Qd1+ 36. Kg2 Qd2+ 37. Kg1 Re1+ 38. Qf1 Bd4+
39. Kh1 Rxf1#  0-1

[Event "British Chess Championships 2023: Major Open"]
[Site "The Venue, De Montfort University, 20 Western Boulevard, Leicester, LE2 7BU"]
[Date "2023.07.22"]
[Round "1"]
[Board "29"]
[White "Gonzales, Ceferino"]
[Black "Bansal, Saahil"]
[Result "0-1"]
[WhiteElo "1493"]
[BlackElo "1846"]
[PlyCount "84"]
[EventDate "2023.07.22"]
[EventRounds "9"]
[EventCountry "ENG"]

1. e4 e6 2. d3 d5 3. Nd2 Nf6 4. Ngf3 c5 5. g3 Nc6 6. Bg2 Be7 7. O-O O-O 8. Re1
Qc7 9. Nf1 Rd8 10. e5 Nd7 11. Bf4 b5 12. h4 h6 13. N1h2 Bb7 14. Ng4 Bf8 15. Kh1
d4 16. Nd2 Nb6 17. Bxh6 gxh6 18. Nf6+ Kh8 19. f4 Ne7 20. g4 Bxg2+ 21. Kxg2 Nbd5
22. Qf3 Nxf6 23. exf6 Nd5 24. g5 Qxf4 25. Qxf4 Nxf4+ 26. Kf3 Nd5 27. Ne4 Ne3
28. Rxe3 dxe3 29. Kxe3 Rd5 30. Rf1 c4 31. d4 e5 32. c3 exd4+ 33. cxd4 Rad8 34.
Rd1 Bc5 35. Nxc5 Rxc5 36. dxc5 Rxd1 37. Ke4 Rd8 38. a3 a5 39. c6 b4 40. g6 fxg6
41. Ke5 Kg8 42. Ke6 Kf8  0-1

[Event "British Chess Championships 2023: Major Open"]
[Site "The Venue, De Montfort University, 20 Western Boulevard, Leicester, LE2 7BU"]
[Date "2023.07.22"]
[Round "1"]
[Board "30"]
[White "Freeman, Ashley"]
[Black "Bellano, Harry"]
[Result "1-0"]
[WhiteElo "1846"]
[BlackElo "1470"]
[PlyCount "83"]
[EventDate "2023.07.22"]
[EventRounds "9"]
[EventCountry "ENG"]

1. e4 e5 2. Nf3 Nc6 3. Bc4 Bc5 4. b4 Bxb4 5. c3 Ba5 6. d4 exd4 7. O-O d6 8. Qb3
Qe7 9. e5 dxe5 10. Ba3 Qf6 11. Re1 Nge7 12. Nxe5 O-O 13. Nxc6 Nxc6 14. Bxf8
Kxf8 15. Bd5 b6 16. Qa3+ Bb4 17. cxb4 b5 18. Qf3 Qxf3 19. Bxf3 Bd7 20. Nd2 Rd8
21. a3 Ne7 22. Rac1 a5 23. Rxc7 a4 24. g3 Nc8 25. Bc6 Be6 26. Bxb5 Bb3 27. Nxb3
axb3 28. Bc4 Nd6 29. Bxb3 d3 30. Rd1 Nb5 31. Rxf7+ Kg8 32. Rd7+ Kf8 33. Rxd8+
Ke7 34. R1xd3 Nc3 35. Rxc3 Kxd8 36. b5 h5 37. b6 h4 38. b7 hxg3 39. b8=Q+ Ke7
40. Qe5+ Kd8 41. Qd6+ Ke8 42. Re3#  1-0

[Event "British Chess Championships 2023: Major Open"]
[Site "The Venue, De Montfort University, 20 Western Boulevard, Leicester, LE2 7BU"]
[Date "2023.07.22"]
[Round "1"]
[Board "31"]
[White "Dayal, Samar"]
[Black "Mccarthy, Damian M"]
[Result "1/2-1/2"]
[WhiteElo "1433"]
[BlackElo "1838"]
[PlyCount "77"]
[EventDate "2023.07.22"]
[EventRounds "9"]
[EventCountry "ENG"]

1. e4 c5 2. Nf3 g6 3. d4 cxd4 4. Nxd4 Nc6 5. Nc3 Bg7 6. Be3 Nf6 7. Bc4 O-O 8.
Bb3 d6 9. f3 Bd7 10. Qd2 Nxd4 11. Bxd4 b5 12. O-O-O a5 13. e5 dxe5 14. Bxe5 Bc6
15. Qe3 Qc8 16. Nd5 Bxd5 17. Bxd5 Nxd5 18. Rxd5 Qe6 19. Rhd1 Rac8 20. Kb1 a4
21. Qd4 Rc4 22. Qe3 b4 23. Bf4 Qf6 24. Be5 Qe6 25. Bf4 a3 26. b3 Rc6 27. Qxe6
Rxe6 28. Rb5 Bc3 29. Bh6 Re8 30. Rbd5 f6 31. Bd2 Rc8 32. Bxc3 Rxc3 33. Kc1 Re2
34. R5d2 Rce3 35. Rxe2 Rxe2 36. Rd2 Re1+ 37. Rd1 Re2 38. Rd2 Re1+ 39. Rd1
 1/2-1/2

[Event "British Chess Championships 2023: Major Open"]
[Site "The Venue, De Montfort University, 20 Western Boulevard, Leicester, LE2 7BU"]
[Date "2023.07.22"]
[Round "1"]
[Board "32"]
[White "Arora, Tashika"]
[Black "Gamage Ranasinghe, Yuman Ranjula"]
[Result "1-0"]
[WhiteElo "1836"]
[BlackElo "1100"]
[PlyCount "47"]
[EventDate "2023.07.22"]
[EventRounds "9"]
[EventCountry "ENG"]

1. d4 g6 2. c4 Nf6 3. g3 Bg7 4. Bg2 d6 5. Nc3 O-O 6. Nf3 Nbd7 7. O-O e5 8. d5
a5 9. e4 Nc5 10. Qe2 Nh5 11. Ne1 f5 12. exf5 Rxf5 13. Nd3 Nxd3 14. Qxd3 Rf7 15.
Qe2 Nf6 16. Bg5 h6 17. Bd2 Bf5 18. f3 h5 19. h3 Nh7 20. g4 Bd7 21. Qd3 Nf8 22.
Ne4 Qh4 23. Bg5 Qxg5 24. Nxg5  1-0